[Event "EU-Cup 34th"]
[Site "Porto Carras"]
[Date "2018.10.18"]
[Round "7.5"]
[White "Hajra, Driton"]
[Black "Vozinaki, Anthi Maria"]
[Result "0-1"]
[WhiteElo "1978"]
[BlackElo "2022"]
[PlyCount "98"]
[EventDate "2018.10.12"]
[EventType "team-swiss"]
[EventRounds "7"]
[EventCountry "GRE"]
[SourceTitle "CBM 187"]
[Source "ChessBase"]
[SourceDate "2018.12.11"]
[SourceVersion "1"]
[SourceVersionDate "2018.12.11"]
[SourceQuality "1"]
[WhiteTeam "Drejtesia"]
[BlackTeam "Chania Chess Academy"]
[WhiteTeamCountry "KOS"]
[BlackTeamCountry "GRE"]

1. e4 c5 2. Nf3 e6 3. d4 cxd4 4. Nxd4 Nf6 5. Bd3 Nc6 6. Nxc6 bxc6 7. c4 d5 8. Qa4 Bd7 9. e5 Ng4 10. Bf4 Qb6 11. 0-0 Qxb2 12. Qb3 Qd4 13. Bg3 Nxe5 14. Bxe5 Qxe5 15. Nd2 Rb8 16. Nf3 Qf4 17. Qc3 Be7 18. Qe5 Qxe5 19. Nxe5 Bf6 20. Nxd7 Kxd7 21. Rab1 Kd6 22. Rfc1 Bg5 23. Rd1 Kc5 24. cxd5 exd5 25. Kf1 Rb6 26. Bc2 Rhb8 27. Bb3 a5 28. Rb2 Rb4 29. Rc2+ Kd6 30. Bc4 Rb2 31. Rc3 Rb1 32. Rcd3 Rxd1+ 33. Rxd1 Rb4 34. Bb3 a4 35. Bc2 c5 36. Rd3 Rc4 37. Bd1 Bc1 38. Bf3 d4 39. Be4 Ke5 40. Bxh7 Bg5 41. Ra3 Rc1+ 42. Ke2 g6 43. g3 c4 44. f4+ Ke4 45. fxg5 d3+ 46. Kd2 Rc2+ 47. Kd1 Ke3 48. Bg8 Rxh2 49. Kc1 Ke2 0-1

[Event "EU-Cup 34th"]
[Site "Porto Carras"]
[Date "2018.10.13"]
[Round "2.5"]
[White "Petersen, Steen Brustrup"]
[Black "Hajra, Driton"]
[Result "1/2-1/2"]
[WhiteElo "2131"]
[BlackElo "1978"]
[PlyCount "113"]
[EventDate "2018.10.12"]
[EventType "team-swiss"]
[EventRounds "7"]
[EventCountry "GRE"]
[SourceTitle "CBM 187"]
[Source "ChessBase"]
[SourceDate "2018.12.11"]
[SourceVersion "1"]
[SourceVersionDate "2018.12.11"]
[SourceQuality "1"]
[WhiteTeam "Bronshoj"]
[BlackTeam "Drejtesia"]
[WhiteTeamCountry "DEN"]
[BlackTeamCountry "KOS"]

1. e4 c5 2. Nf3 d6 3. d4 cxd4 4. Nxd4 Nf6 5. Nc3 g6 6. Be3 Bg7 7. f3 0-0 8. Qd2 Nc6 9. 0-0-0 Nxd4 10. Bxd4 Be6 11. h4 Qa5 12. a3 Rfc8 13. Kb1 Rab8 14. Nd5 Qxd2 15. Nxf6+ Bxf6 16. Rxd2 Bxd4 17. Rxd4 Rc5 18. Be2 Rbc8 19. c3 Kg7 20. Kc2 h6 21. Kd2 g5 22. hxg5 hxg5 23. Ke3 Re5 24. g3 f5 25. Bd3 fxe4 26. Rxe4 Rcc5 27. Rh7+ Kf6 28. Rh6+ Kf7 29. f4 gxf4+ 30. gxf4 Rxe4+ 31. Bxe4 b6 32. Rh8 Rc8 33. Rh7+ Kf6 34. Rh6+ Kf7 35. f5 Bb3 36. f6 e6 37. Bf3 Rf8 38. Bh5+ Kg8 39. Kf4 Rc8 40. Rg6+ Kh7 41. f7 e5+ 42. Kg5 Bxf7 43. Rh6+ Kg7 44. Bxf7 Kxf7 45. Kf5 Rf8 46. Rxd6 Ke7+ 47. Kxe5 Rf2 48. Rh6 Rxb2 49. Rh7+ Kd8 50. Rxa7 Kc8 51. c4 Rd2 52. a4 Kb8 53. Rf7 Ra2 54. Kd5 Rxa4 55. Kc6 Rxc4+ 56. Kxb6 Rb4+ 57. Kc6 1/2-1/2

[Event "EU-Cup 33rd"]
[Site "Antalya"]
[Date "2017.10.11"]
[Round "4.6"]
[White "Hajra, Driton"]
[Black "Longson, Sarah N"]
[Result "0-1"]
[WhiteElo "2040"]
[BlackElo "2102"]
[PlyCount "58"]
[EventDate "2017.10.08"]
[EventType "team-swiss"]
[EventRounds "7"]
[EventCountry "TUR"]
[SourceTitle "CBM 181"]
[Source "ChessBase"]
[SourceDate "2017.11.10"]
[SourceVersion "1"]
[SourceVersionDate "2017.11.10"]
[SourceQuality "1"]
[WhiteTeam "Pristina"]
[BlackTeam "3CS Oldham"]
[WhiteTeamCountry "KOS"]
[BlackTeamCountry "ENG"]

1. d4 d5 2. Nf3 Nf6 3. c4 dxc4 4. Nc3 a6 5. a4 Nc6 6. Bf4 Bg4 7. e3 Na5 8. Be2 Bxf3 9. Bxf3 e6 10. 0-0 c5 11. d5 exd5 12. Nxd5 Nxd5 13. Bxd5 Be7 14. Qf3 0-0 15. Rfd1 Qb6 16. Be5 Bf6 17. Bxf6 Qxf6 18. Qxf6 gxf6 19. Rac1 Rad8 20. e4 Rd7 21. Kf1 Re8 22. Ke2 f5 23. f3 fxe4 24. fxe4 Kg7 25. g4 Re5 26. Ke3 Rde7 27. Kf4 f6 28. Re1 Nb3 29. Rxc4 Rxd5 0-1

[Event "EU-Cup 33rd"]
[Site "Antalya"]
[Date "2017.10.09"]
[Round "2.5"]
[White "Hajra, Driton"]
[Black "Hardarson, Jon Trausti"]
[Result "0-1"]
[WhiteElo "2040"]
[BlackElo "2146"]
[PlyCount "94"]
[EventDate "2017.10.08"]
[EventType "team-swiss"]
[EventRounds "7"]
[EventCountry "TUR"]
[SourceTitle "CBM 181"]
[Source "ChessBase"]
[SourceDate "2017.11.10"]
[SourceVersion "1"]
[SourceVersionDate "2017.11.10"]
[SourceQuality "1"]
[WhiteTeam "Pristina"]
[BlackTeam "Fjolnir"]
[WhiteTeamCountry "KOS"]
[BlackTeamCountry "ISL"]

1. e4 c5 2. Nf3 Nc6 3. d4 cxd4 4. Nxd4 e6 5. c4 Qc7 6. Nc3 a6 7. Nxc6 Qxc6 8. Bd3 Nf6 9. Qe2 Bb4 10. Bd2 d6 11. Rc1 0-0 12. 0-0 Bxc3 13. Rxc3 b6 14. Re1 e5 15. Bb1 Bg4 16. Qd3 Nd7 17. Qg3 Bh5 18. f4 exf4 19. Bxf4 Ne5 20. Kh1 Rfe8 21. b3 Rac8 22. Rcc1 Re6 23. Qg5 Bg6 24. Rcd1 Rce8 25. Qg3 Bh5 26. Rd5 b5 27. c5 f6 28. Rc1 dxc5 29. Rcxc5 Qa8 30. Bxe5 fxe5 31. Rxe5 Rxe5 32. Rxe5 Rd8 33. Bc2 Bg6 34. h4 Qc6 35. Qf2 Rf8 36. Qe2 Qf6 37. Rg5 h6 38. Rg4 Bh5 39. Rxg7+ Kxg7 40. Qxh5 Qf1+ 41. Kh2 Qf4+ 42. Kh3 Rc8 43. Bd1 Qxe4 44. Bf3 Rc3 45. Kh2 Qf4+ 46. Kh3 Kf6 47. Qe8 Qf5+ 0-1

[Event "KOS-chT"]
[Site "Pristina"]
[Date "2017.05.18"]
[Round "2.6"]
[White "Haxhimehmeti, Vahedin"]
[Black "Hajra, Driton"]
[Result "1/2-1/2"]
[WhiteElo "2053"]
[BlackElo "2047"]
[PlyCount "72"]
[EventDate "2017.05.17"]
[EventType "team-tourn"]
[EventRounds "7"]
[EventCountry "KOS"]
[SourceTitle "CBM 178 Extra"]
[Source "ChessBase"]
[SourceDate "2017.06.22"]
[SourceVersion "1"]
[SourceVersionDate "2017.06.22"]
[SourceQuality "1"]
[WhiteTeam "Llamkos"]
[BlackTeam "Pristina"]
[WhiteTeamCountry "KOS"]
[BlackTeamCountry "KOS"]

1. d4 Nf6 2. c4 g6 3. Nc3 Bg7 4. e4 d6 5. Nf3 0-0 6. Be2 Nc6 7. 0-0 e5 8. dxe5 Nxe5 9. Nxe5 dxe5 10. Qxd8 Rxd8 11. f3 Be6 12. Be3 c6 13. Rad1 a6 14. Bb6 Rxd1 15. Rxd1 Nd7 16. Bc7 Rc8 17. Bd6 Bf8 18. b4 Bxd6 19. Rxd6 Kf8 20. c5 Ke7 21. a4 Rd8 22. a5 f5 23. Na4 f4 24. Nb6 Nxb6 25. Rxd8 Kxd8 26. axb6 g5 27. Kf2 Ke7 28. Ke1 Bd7 29. Bxa6 Bc8 30. Bc4 Be6 31. Be2 Kd7 32. g4 h6 33. Kd2 Bb3 34. Kc3 Ba4 35. h3 Kc8 36. Kb2 Bb5 1/2-1/2

[Event "EU-ch 12th"]
[Site "Aix les Bains"]
[Date "2011.04.02"]
[Round "11"]
[White "Hajra, Driton"]
[Black "Froment, Theophile"]
[Result "1-0"]
[WhiteElo "2047"]
[BlackElo "1848"]
[PlyCount "71"]
[EventDate "2011.03.22"]
[EventType "swiss"]
[EventRounds "11"]
[EventCountry "FRA"]
[SourceTitle "CBM 142 Extra"]
[Source "ChessBase"]
[SourceDate "2011.06.27"]
[SourceVersion "1"]
[SourceVersionDate "2011.06.27"]
[SourceQuality "1"]

1. e4 e6 2. d4 d5 3. e5 c5 4. Qg4 Nc6 5. Nf3 Qc7 6. Bd3 cxd4 7. 0-0 Bd7 8. Re1 0-0-0 9. a3 h5 10. Qg3 f6 11. c3 Nxe5 12. Nxe5 fxe5 13. cxd4 h4 14. Qg6 e4 15. Bf1 Ne7 16. Qf7 Nf5 17. Bg5 Re8 18. Rc1 Bc6 19. Qg6 Bd6 20. Nc3 Bxh2+ 21. Kh1 h3 22. g4 Bg1 23. Kxg1 Nxd4 24. Be2 Nb3 25. Nb5 Qb8 26. Be3 Nxa1 27. Nxa7+ Kd7 28. Bc5 Qc7 29. Qxg7+ Kd8 30. Qf6+ Kd7 31. Rxa1 e3 32. Bxe3 h2+ 33. Kg2 d4+ 34. Nxc6 Qxc6+ 35. Bf3 Qd6 36. Qg7+ 1-0

[Event "EU-ch 12th"]
[Site "Aix les Bains"]
[Date "2011.03.28"]
[Round "7"]
[White "Hajra, Driton"]
[Black "Wittmann, Walter"]
[Result "0-1"]
[WhiteElo "2047"]
[BlackElo "2291"]
[PlyCount "54"]
[EventDate "2011.03.22"]
[EventType "swiss"]
[EventRounds "11"]
[EventCountry "FRA"]
[SourceTitle "CBM 142 Extra"]
[Source "ChessBase"]
[SourceDate "2011.06.27"]
[SourceVersion "1"]
[SourceVersionDate "2011.06.27"]
[SourceQuality "1"]

1. e4 c5 2. Nf3 d6 3. d4 cxd4 4. Nxd4 Nf6 5. Nc3 Nc6 6. f3 e5 7. Nb3 Be6 8. Be3 Be7 9. Qd2 0-0 10. 0-0-0 a6 11. Kb1 b5 12. g4 Rb8 13. h4 b4 14. Nd5 a5 15. Nxe7+ Qxe7 16. Qxd6 Rfd8 17. Qxc6 Rxd1+ 18. Nc1 Qd7 19. Qa6 Qc7 20. Rh2 Nd7 21. Qe2 Rd6 22. b3 Rc6 23. Nd3 a4 24. Bc1 Nc5 25. Nxc5 Rxc5 26. Bb2 Ra8 27. Qd1 Qa5 0-1

[Event "EU-ch 12th"]
[Site "Aix les Bains"]
[Date "2011.03.23"]
[Round "2"]
[White "Donchenko, Alexander"]
[Black "Hajra, Driton"]
[Result "1-0"]
[WhiteElo "2216"]
[BlackElo "2047"]
[PlyCount "77"]
[EventDate "2011.03.22"]
[EventType "swiss"]
[EventRounds "11"]
[EventCountry "FRA"]
[SourceTitle "CBM 142 Extra"]
[Source "ChessBase"]
[SourceDate "2011.06.27"]
[SourceVersion "1"]
[SourceVersionDate "2011.06.27"]
[SourceQuality "1"]

1. d4 Nf6 2. Nf3 g6 3. c4 Bg7 4. g3 0-0 5. Bg2 d6 6. 0-0 Nc6 7. Nc3 Bf5 8. Re1 Qc8 9. a3 h6 10. b4 e5 11. dxe5 Nxe5 12. Nxe5 dxe5 13. Bb2 Rd8 14. Nd5 Kh7 15. Qb3 c6 16. Ne7 Qe6 17. Nxf5 Qxf5 18. Rad1 Ne4 19. Qe3 Nd6 20. Rc1 h5 21. Qf3 Qe6 22. Qc3 f6 23. Qc2 Rd7 24. Red1 Rad8 25. e3 Nf7 26. Rxd7 Qxd7 27. h4 f5 28. Bh3 Qd2 29. e4 f4 30. g4 Qd7 31. Qe2 g5 32. Kg2 Nh6 33. hxg5 hxg4 34. Kh2 f3 35. Qe3 Nf7 36. Rg1 Rh8 37. Bxg4 Qe7 38. Bc1 Kg8+ 39. Kg3 1-0